COLLEGE PHYSICS (Record no. 216207)

MARC details
000 -LEADER
fixed length control field 00429nam a22001577a 4500
008 - FIXED-LENGTH DATA ELEMENTS--GENERAL INFORMATION
fixed length control field 251119b |||||||| |||| 00| 0 eng d
022 ## - INTERNATIONAL STANDARD SERIAL NUMBER
International Standard Serial Number 13:978-1-111-57134-4
050 ## - LIBRARY OF CONGRESS CALL NUMBER
Classification number QC 23 .G56 2013
100 ## - MAIN ENTRY--PERSONAL NAME
Personal name GIORDANO NICHOLAS J.
245 ## - TITLE STATEMENT
Title COLLEGE PHYSICS
Remainder of title REASONING AND RELATIONSHIPS
260 ## - PUBLICATION, DISTRIBUTION, ETC.
Place of publication, distribution, etc. AUSTRALIA
Name of publisher, distributor, etc. CENGAGE
Date of publication, distribution, etc. 2013
300 ## - PHYSICAL DESCRIPTION
Extent X,1087
500 ## - GENERAL NOTE
General note INCLUDES APPENDIX
942 ## - ADDED ENTRY ELEMENTS (KOHA)
Source of classification or shelving scheme Library of Congress Classification
Koha item type Long Loan Book
Holdings
Withdrawn status Lost status Source of classification or shelving scheme Damaged status Not for loan Collection Home library Current library Shelving location Date acquired Inventory number Total checkouts Full call number Barcode Date last seen Copy number Price effective from Koha item type
    Library of Congress Classification     Science & Technology Kisii University Library Kisii University Library On Display 11/19/2025 109819   QC 23 .G56 2013 000000002815 11/19/2025 1 11/19/2025 Long Loan Book
    Library of Congress Classification     Science & Technology Kisii University Library Kisii University Library On Display 11/19/2025 109820   QC 23 .G56 2013 000000002816 11/19/2025 2 11/19/2025 Long Loan Book
    Library of Congress Classification     Science & Technology Kisii University Library Kisii University Library On Display 11/19/2025 109821   QC 23 .G56 2013 000000002817 11/19/2025 3 11/19/2025 Long Loan Book
    Library of Congress Classification     Science & Technology Kisii University Library Kisii University Library On Display 11/19/2025 109822   QC 23 .G56 2013 000000002818 11/19/2025 4 11/19/2025 Long Loan Book